[Event "Landesliga Nord U20 1819"]
[Site "Bayern"]
[Date "2018.12.08"]
[Round "2.4"]
[White "Aumueller, Naum"]
[Black "Hermansdorfer, Alexander"]
[Result "1-0"]
[WhiteElo "1607"]
[BlackElo "1148"]
[PlyCount "119"]
[EventDate "2018.11.17"]
[EventType "team-tourn"]
[EventRounds "7"]
[EventCountry "GER"]
[SourceTitle "EXT 2022"]
[Source "ChessBase"]
[SourceDate "2021.10.06"]
[SourceVersion "1"]
[SourceVersionDate "2021.10.06"]
[SourceQuality "1"]
[WhiteTeam "Kelheim SK U20"]
[BlackTeam "Moosburg SC U20"]
[WhiteTeamCountry "GER"]
[BlackTeamCountry "GER"]

1. e4 e5 2. Nf3 Nc6 3. Bc4 Bc5 4. d3 Nf6 5. Bg5 h6 6. Bh4 d6 7. h3 Bd7 8. Nc3 Bb4 9. 0-0 0-0 10. Nd5 Be6 11. Nxf6+ gxf6 12. Bb3 Kh7 13. c3 Ba5 14. d4 Rg8 15. Kh1 Qc8 16. Bxe6 fxe6 17. Bxf6 Qf8 18. dxe5 Nxe5 19. Bxe5 dxe5 20. Qd7+ Qg7 21. Qxg7+ Rxg7 22. Nxe5 c6 23. Rad1 Bc7 24. Ng4 h5 25. Ne3 Bf4 26. Rd3 Rag8 27. Rg1 Bg5 28. g3 h4 29. gxh4 Bxh4 30. Rxg7+ Rxg7 31. Ng4 Bg5 32. Kg2 Bc1 33. b3 a5 34. Rd6 e5 35. Kf3 Rf7+ 36. Ke2 Ba3 37. Nxe5 Bxd6 38. Nxf7 Be7 39. f4 Kg7 40. Ng5 Bf6 41. e5 Be7 42. Kf3 b5 43. c4 bxc4 44. bxc4 Kg6 45. Kg4 Kh6 46. h4 Bc5 47. f5 Bd4 48. f6 Kg6 49. h5+ Kh6 50. f7 Bc5 51. Ne6 Be7 52. f8Q+ Bxf8 53. Nxf8 Kg7 54. Ne6+ Kf7 55. Kf5 a4 56. h6 Kg8 57. Kg6 a3 58. h7+ Kh8 59. Nd8 c5 60. Nf7# 1-0